Water supply ; economics, technology, and policy /

Bibliographic Details
Main Author: Hirshleifer, Jack
Other Authors: De Haven, James Charles, 1912-
Format: Book
Language:English
Published: Chicago : University of Chicago Press, [1969]
Subjects:

MARC

Tag First Indicator Second Indicator Subfields
LEADER 00000cam a2200000 4500
001 in00000218721
005 20240730163746.5
008 720718s1969 iluab b 000 0 eng d
035 |a (OCoLC)00359292 
035 |9 AAZ9410AM 
040 |c CSU  |d OCL  |d TXA  |d UtOrBLW 
049 |a TXAM  |c [532128] 
050 0 |a HD1694.A5  |b H5 1969 
100 1 |a Hirshleifer, Jack. 
245 1 0 |a Water supply ;  |b economics, technology, and policy /  |c [by] Jack Hirshleifer, James C. De Haven [and] Jerome W. Milliman. 
264 1 |a Chicago :  |b University of Chicago Press,  |c [1969] 
264 4 |c [©1969] 
300 |a xiv, 386 pages :  |b illustrations, maps. ;  |c 25 cm. 
336 |a text  |b txt  |2 rdacontent 
337 |a unmediated  |b n  |2 rdamedia 
338 |a volume  |b nc  |2 rdacarrier 
500 |a "Fourth impression with new postscript, 1969." 
504 |a Bibliographical footnotes. 
650 0 |a Water resources development  |z United States. 
650 0 |a Water-supply  |z United States. 
650 0 |a Water rights  |z United States. 
700 1 |a De Haven, James Charles,  |d 1912- 
999 |a MARS 
999 f f |s c49def5f-3eb5-326c-a9ac-e81dc7e04db3  |i 55bfe961-ac75-321d-a8bb-3f3b135f2123  |t 0 
952 f f |p ric  |a Texas A&M University  |b Rellis Campus  |c Joint Library Facility  |d Remote Storage  |t 0  |e HD1694.A5 H5 1969  |h Library of Congress classification  |i unmediated -- volume  |m A14802658173 
998 f f |a HD1694.A5 H5 1969  |t 0  |l Remote Storage